[Event "AUTO-OPEN-1178"]
[Site "http://www.queenalice.com/game.php?id=425161"]
[Date "2008.6.29"]
[Round "1"]
[White "adrianotanguan"]
[Black "bentospm"]
[Result "1-0"]
[WhiteElo "2031"]
[BlackElo "1760"]

1. e4 c5 2. Nf3 Nc6 3. d4 cxd4 4. Nxd4 Nf6 5. Nc3 e6 6. Ncb5 d6 7. Bf4 e5 8.
Nxc6 bxc6 9. Bg5 cxb5 10. Bxb5+ Bd7 11. Bxd7+ Qxd7 12. Bxf6 gxf6 13. O-O Rg8 14.
c3 Qg4 15. Qa4+ Qd7 16. Qa6 Bh6 17. Rad1 Ke7 18. Rd3 Rac8 19. Rfd1 Rc6 20. Qa3
Qc7 21. c4 Rd8 22. b3 Qb7 23. Rd5 Ra6 24. Qb2 Rd7 25. Qe2 Bf8 26. R5d3 Qb4 27.
Rh3 h6 28. Rhd3 Rc6 29. Qg4 Qa3 30. Qe2 a5 31. Rd5 Rc5 32. R5d3 a4 33. Qd2 d5
34. b4 Qxd3 35. Qxd3 Rxc4 36. exd5 Rd4 37. Qf3 Rxb4 38. h3 Kd8 39. Qxf6+ Be7 40.
Qh8+ 1-0

[Event "AUTO-OPEN-1178"]
[Site "http://www.queenalice.com/game.php?id=425170"]
[Date "2008.6.29"]
[Round "1"]
[White "QQ123"]
[Black "adrianotanguan"]
[Result "1/2-1/2"]
[WhiteElo "2238"]
[BlackElo "1860"]

1. e4 c5 2. Nf3 d6 3. d4 cxd4 4. Nxd4 Nf6 5. Nc3 a6 6. Be3 e6 7. f3 b5 8. g4 h6
9. Qd2 Nbd7 10. O-O-O Bb7 11. h4 b4 12. Na4 Qa5 13. b3 Nc5 14. a3 Nxa4 15. axb4
Qc7 16. bxa4 d5 17. e5 Nd7 18. f4 Nb6 19. f5 Nxa4 20. fxe6 Nc3 21. exf7+ Kxf7
22. Bd3 Bxb4 23. Rdf1+ Kg8 24. Qf2 Ba3+ 25. Kd2 Ne4+ 26. Bxe4 dxe4 27. Qf5 Bb4+
28. Kd1 Qc4 29. Ne6 Qd5+ 30. Ke2 Qc4+ 31. Kd1 Qd5+ 32. Ke2 Qc4+ 33. Kd1 Qd5+
1/2-1/2

[Event "AUTO-OPEN-1178"]
[Site "http://www.queenalice.com/game.php?id=425171"]
[Date "2008.6.29"]
[Round "1"]
[White "adrianotanguan"]
[Black "QQ123"]
[Result "0-1"]
[WhiteElo "1863"]
[BlackElo "2226"]

1. e4 c5 2. Nf3 d6 3. d4 cxd4 4. Nxd4 Nf6 5. Nc3 a6 6. Be3 e6 7. f3 b5 8. g4 Bb7
9. Qd2 Nfd7 10. O-O-O Be7 11. a4 O-O 12. axb5 axb5 13. Ndxb5 d5 14. exd5 Bxd5
15. Qe2 Ra1+ 16. Nb1 Qa5 17. Nc3 Bb4 18. Nxd5 exd5 19. Qd3 Qa2 20. c3 Bxc3 21.
bxc3 Rc8 22. Bd4 Nc5 23. Rd2 Nb3+ 24. Kd1 Rxb1+ 25. Ke2 Nxd2 26. Qxd2 Re8+ 27.
Be3 Rb2 28. Kf2 Rxd2+ 29. Bxd2 Qxd2+ 0-1

[Event "AUTO-OPEN-1179"]
[Site "http://www.queenalice.com/game.php?id=425634"]
[Date "2008.6.30"]
[Round "1"]
[White "faustino"]
[Black "adrianotanguan"]
[Result "0-1"]
[WhiteElo "1618"]
[BlackElo "2031"]

1. e3 Nf6 2. g3 d5 3. Bg2 e5 4. b3 Be7 5. Bb2 Nc6 6. Nc3 O-O 7. Nge2 Bg4 8. h3
Be6 9. O-O Qd7 10. f4 Bxh3 11. Bxh3 Qxh3 12. Nb5 a6 13. Nxc7 Ng4 14. Rf2 Nxf2
15. Nxd5 Nxd1 16. Rxd1 exf4 17. Ndxf4 Qg4 0-1

[Event "Challenge"]
[Site "http://www.queenalice.com/game.php?id=432031"]
[Date "2008.7.12"]
[Round "-"]
[White "adrianotanguan"]
[Black "Krajnicov"]
[Result "1-0"]
[WhiteElo "1860"]
[BlackElo "1427"]

1. d4 e6 2. c4 Qf6 3. Nf3 c5 4. Nc3 Nc6 5. Bg5 Qf5 6. g4 Qxg4 7. Rg1 Qh5 8. Nb5
Bd6 9. Nxd6+ Kf8 10. dxc5 f6 11. Nxc8 Rxc8 12. Qxd7 Rd8 13. Qxb7 Ne5 14. Bxf6
Rd7 15. Bxg7+ Ke7 16. Qb8 Qf7 17. Nxe5 Rd1+ 18. Rxd1 Qxg7 19. Qd8# 1-0

[Event "Challenge"]
[Site "http://www.queenalice.com/game.php?id=438696"]
[Date "2008.7.25"]
[Round "-"]
[White "adrianotanguan"]
[Black "fkr"]
[Result "1-0"]
[WhiteElo "1956"]
[BlackElo "1677"]

1. d4 d5 2. c4 Nf6 3. Nf3 Bg4 4. Qb3 b6 5. cxd5 Qxd5 6. Nc3 Qxb3 7. axb3 Bxf3 8.
exf3 e6 9. Bf4 Bd6 10. Bxd6 cxd6 11. Nb5 Kd7 12. Nxa7 Nc6 13. Bb5 Rhc8 14. Kd2
Rc7 15. Nxc6 Rxa1 16. Rxa1 Nd5 17. Nb4+ Ke7 18. Nxd5+ exd5 19. Ra6 Rb7 20. Bc6
Rb8 21. Bxd5 f5 22. Ra7+ Kf6 23. Rf7+ Kg6 24. Rd7 h5 25. Rxd6+ Kg5 26. g3 g6 27.
Bf7 f4 28. h4+ Kf5 29. Bxg6# 1-0

[Event "AUTO-OPEN-1177"]
[Site "http://www.queenalice.com/game.php?id=474704"]
[Date "2008.10.8"]
[Round "2"]
[White "nenem"]
[Black "adrianotanguan"]
[Result "1-0"]
[WhiteElo "1912"]
[BlackElo "2014"]

1. e4 c6 2. Nf3 d5 3. exd5 cxd5 4. d4 Nf6 5. Bf4 Qb6 6. Bd3 Qxb2 7. Nbd2 Nc6 8.
O-O Nxd4 9. Rb1 Qc3 10. Nxd4 Qxd4 11. Be3 Qe5 12. Re1 Qc7 13. Bg5 e6 14. Bxf6
gxf6 15. Qf3 Be7 16. Nb3 Bd7 17. Nd4 Qc5 18. Nb3 Qa3 19. Nd4 Qc5 20. Nb3 Qb4 21.
Qh5 h6 22. a3 Qf4 23. Re3 f5 24. Bxf5 Qxf5 25. Qe2 b6 26. Nd4 Qf4 27. Nf3 Rg8
28. Ne5 Bd6 29. g3 Ba4 30. Nxf7 Qxf7 31. Rxe6+ Kd7 32. Re1 Rae8 33. Rxe8 Rxe8
34. Qg4+ Kc7 35. Rxe8 Bxe8 36. a4 1-0

[Event "AUTO-OPEN-1177"]
[Site "http://www.queenalice.com/game.php?id=474705"]
[Date "2008.10.8"]
[Round "2"]
[White "adrianotanguan"]
[Black "nenem"]
[Result "0-1"]
[WhiteElo "2036"]
[BlackElo "1890"]

1. e4 e5 2. Nf3 Nf6 3. Nxe5 Nc6 4. Nxc6 dxc6 5. f3 Bc5 6. c3 O-O 7. d4 Nxe4 8.
fxe4 Qh4+ 9. Kd2 Qxe4 10. Qf3 Qxf3 11. gxf3 Bd6 12. Na3 Bf5 13. Nc4 Rae8 14.
Nxd6 cxd6 15. Bd3 Bh3 16. Rg1 Re7 17. Kc2 Rfe8 18. Bf4 d5 19. Bg5 Rc7 20. f4 f6
21. Bxf6 g6 22. Rae1 Rf8 23. Bg5 Kg7 24. Kd2 Rff7 25. a4 h6 26. Bd8 Rcd7 27.
Rxg6+ Kf8 28. Bf6 h5 29. Bg5 Bf5 30. Bxf5 Rxf5 0-1

[Event "AUTO-OPEN-1179"]
[Site "http://www.queenalice.com/game.php?id=497097"]
[Date "2008.11.23"]
[Round "2"]
[White "Lorfman"]
[Black "adrianotanguan"]
[Result "1-0"]
[WhiteElo "2557"]
[BlackElo "1994"]

1. e4 c6 2. d4 d5 3. Nc3 dxe4 4. Nxe4 Bf5 5. Ng3 Bg6 6. h4 h6 7. Nf3 Nd7 8. h5
Bh7 9. Bd3 Bxd3 10. Qxd3 Ngf6 11. Bf4 e6 12. O-O-O Be7 13. Ne5 O-O 14. c4 Qa5
15. Nxd7 Nxd7 16. Kb1 Rfd8 17. Ne4 e5 18. dxe5 Nxe5 19. Qe2 a6 20. g4 Rxd1+ 21.
Rxd1 Re8 22. Bd2 Bb4 23. f4 Nxc4 24. Nf6+ gxf6 25. Qxe8+ Kg7 26. Be1 1-0

[Event "AUTO-OPEN-1179"]
[Site "http://www.queenalice.com/game.php?id=497098"]
[Date "2008.11.23"]
[Round "2"]
[White "adrianotanguan"]
[Black "Lorfman"]
[Result "0-1"]
[WhiteElo "1992"]
[BlackElo "2558"]

1. e4 c5 2. Nf3 Nc6 3. d4 cxd4 4. Nxd4 Nf6 5. Nc3 e5 6. Ndb5 d6 7. Bg5 a6 8. Qd2
axb5 9. Bxb5 Be7 10. O-O-O O-O 11. Bxf6 Bxf6 12. Qxd6 Qa5 13. Bxc6 Rd8 14. Qa3
Qxa3 15. bxa3 bxc6 16. Rxd8+ Bxd8 17. Rd1 Bg5+ 18. Kb2 Be7 19. a4 Kf8 20. f3 Be6
21. Rb1 Bc5 22. Kc1 Rd8 23. Kb2 Bd4 24. a5 Ra8 0-1